La familia en Aleman (Die Familie) - Estadísticas

Estadísticas generales
  • Esta prueba ha sido intentada 64 veces
  • La puntuación promedio es 9 de 27
Estadísticas de respuestas
Español Aleman % Correcto
El Hijo der Sohn
89%
Las Madres (madres en plural) die Mütter
63%
La Madre die Mutter
63%
Los Padres die Eltern
56%
El Hermano der Bruder
52%
El Perro der Hund
52%
El Padre der Vater
48%
El Tio der Onkel
44%
El Gato die Katze
44%
El Primo der Cousin
37%
La Hermana die Schwester
37%
La Tia die Tante
37%
La prima die Cousine
30%
El Sobrino der Neffe
22%
La Abuela die Grobmutter
22%
El Esposo der Ehemann
19%
El Nieto der Enkel
19%
La Nieta die Enkelin
19%
Los Hermanos die Geschwister
19%
Las Mascotas die Haustiere
19%
La Hija die Tochter
19%
El Abuelto der GroBvater
15%
Los Abuelos die GroBeltern
15%
La Sobrina die Nichte
15%
Los Nietos die Enkelkinder
11%
La Esposa die Ehefrou
7%
Los Padres(padres en plural) die Vüter
4%
No se encontraron pruebas coincidentes
Distribución de puntuación
Porcentaje de gente con cada puntuación
Porcentaje por número respondido
Historial de tus puntuaciones
No has intentado esta prueba.